000 00289nam a22001337a 4500
008 170923b xxu||||| |||| 00| 0 eng d
020 _a9781563088629
041 _aeng
080 _a37
100 _a46
101 _aEDU
245 _aLIBRARY EVALUATION
_cWALLACE, D.P
942 _2udc
_cBK
999 _c29436
_d29436